[Event "JBLN Ost 1819"]
[Site "Germany"]
[Date "2019.02.16"]
[Round "7.5"]
[White "Klodt, Daniel"]
[Black "Wolfgramm, Theo"]
[Result "1-0"]
[WhiteElo "1857"]
[BlackElo "1648"]
[PlyCount "95"]
[EventDate "2018.09.29"]
[EventType "team-tourn"]
[EventRounds "9"]
[EventCountry "GER"]
[SourceTitle "CBM 189 Extra"]
[Source "ChessBase"]
[SourceDate "2019.06.03"]
[SourceVersion "1"]
[SourceVersionDate "2019.06.03"]
[SourceQuality "1"]
[WhiteTeam "Berlin Mattnetz"]
[BlackTeam "Torgelow"]
[WhiteTeamCountry "GER"]
[BlackTeamCountry "GER"]

1. e4 e6 2. d4 d5 3. exd5 exd5 4. Bd3 Bd6 5. Nc3 c6 6. Nge2 Be6 7. Bf4 Ne7 8. Qd2 Bf5 9. 0-0-0 Bxd3 10. Qxd3 Bxf4+ 11. Nxf4 0-0 12. Kb1 Nd7 13. g4 Re8 14. h4 Nf8 15. h5 Nc8 16. Rdg1 Nd6 17. g5 Ne4 18. g6 fxg6 19. hxg6 h6 20. Nxe4 Rxe4 21. Nh5 Qe7 22. Ng3 Re6 23. f4 Re8 24. a3 b5 25. f5 Re3 26. Qd2 c5 27. f6 Qxf6 28. dxc5 d4 29. Qb4 a6 30. Nh5 Qd8 31. Rd1 Kh8 32. Rxd4 Qc7 33. Nf4 R3e5 34. Nd3 Rg5 35. Rf1 Nxg6 36. Qb3 Qc8 37. Rd6 Ne5 38. Qc3 Nxd3 39. cxd3 Rxc5 40. Rxh6+ Kg8 41. Qb3+ Rc4 42. Rhh1 Re3 43. Rc1 Qc6 44. Rhe1 Rxe1 45. Rxe1 Qf3 46. Ka2 Qf2 47. Rb1 Qc2 48. dxc4 1-0

[Event "JBLN Ost 1819"]
[Site "Germany"]
[Date "2019.01.26"]
[Round "6.5"]
[White "Klodt, Daniel"]
[Black "Suran, Jan1111"]
[Result "1/2-1/2"]
[WhiteElo "1857"]
[BlackElo "1622"]
[PlyCount "60"]
[EventDate "2018.09.29"]
[EventType "team-tourn"]
[EventRounds "9"]
[EventCountry "GER"]
[SourceTitle "CBM 189 Extra"]
[Source "ChessBase"]
[SourceDate "2019.06.03"]
[SourceVersion "1"]
[SourceVersionDate "2019.06.03"]
[SourceQuality "1"]
[WhiteTeam "Berlin Mattnetz"]
[BlackTeam "Berlin Empor"]
[WhiteTeamCountry "GER"]
[BlackTeamCountry "GER"]

1. e4 e5 2. Nf3 Nc6 3. Bb5 a6 4. Ba4 Nf6 5. 0-0 b5 6. Bb3 Bb7 7. Re1 d6 8. Ng5 d5 9. exd5 Nxd5 10. d4 Qd7 11. dxe5 Nd8 12. Nc3 Nxc3 13. Qxd7+ Kxd7 14. bxc3 Bc5 15. Nxf7 Nxf7 16. Bxf7 h6 17. Be3 Bxe3 18. Rxe3 Ke7 19. Bg6 Rad8 20. Rd3 Bd5 21. a3 Bc4 22. Rg3 Ke6 23. f4 Rhf8 24. Rf3 Rd2 25. Re1 Bd5 26. f5+ Kd7 27. Rd3 Rxg2+ 28. Kh1 Rd2+ 29. Kg1 Rg2+ 30. Kh1 Rd2+ 1/2-1/2

[Event "JBLN Ost 1819"]
[Site "Germany"]
[Date "2018.09.29"]
[Round "1.6"]
[White "Klodt, Daniel"]
[Black "Roehr, Oliver"]
[Result "0-1"]
[WhiteElo "1857"]
[BlackElo "1840"]
[PlyCount "114"]
[EventDate "2018.09.29"]
[EventType "team-tourn"]
[EventRounds "9"]
[EventCountry "GER"]
[SourceTitle "CBM 189 Extra"]
[Source "ChessBase"]
[SourceDate "2019.06.03"]
[SourceVersion "1"]
[SourceVersionDate "2019.06.03"]
[SourceQuality "1"]
[WhiteTeam "Berlin Mattnetz"]
[BlackTeam "Magdeburg Aufbau Elbe"]
[WhiteTeamCountry "GER"]
[BlackTeamCountry "GER"]

1. e4 e5 2. Nf3 Nc6 3. Bb5 g6 4. 0-0 Bg7 5. c3 Nge7 6. Re1 a6 7. Ba4 b5 8. Bc2 0-0 9. d4 exd4 10. cxd4 d5 11. exd5 Nxd5 12. Nc3 Be6 13. a3 Na5 14. Bg5 Nxc3 15. bxc3 Qd6 16. Nd2 Qc6 17. Qf3 Qxf3 18. Nxf3 Bd5 19. Be4 c6 20. Nd2 Rfe8 21. g3 Nb3 22. Nxb3 Bxe4 23. Nc5 f5 24. Re3 h6 25. Bf4 Bf8 26. Nxe4 Rxe4 27. a4 Rxe3 28. Bxe3 Kf7 29. Kf1 a5 30. Ke2 Ke6 31. Kd3 Kd5 32. Ra2 g5 33. f4 g4 34. Ra1 Bd6 35. Bd2 Ra7 36. Be3 Be7 37. Ra2 h5 38. Bf2 Bf6 39. Ra1 Bd8 40. Re1 Re7 41. Ra1 Rb7 42. Rb1 Bc7 43. Be3 Rb8 44. Bd2 Kd6 45. Rb2 Ke6 46. Rb1 Bd6 47. Re1+ Kd7 48. Rb1 Kc7 49. Rb2 bxa4 50. Rxb8 Kxb8 51. c4 Bb4 52. Bc1 Kc7 53. Bb2 a3 54. Bc1 Kb6 55. Kc2 a2 56. Bb2 Be1 57. d5 cxd5 0-1

[Event "GER-chT U20"]
[Site "Borken"]
[Date "2016.12.30"]
[Round "7.4"]
[White "Klodt, Daniel"]
[Black "Mikeler, Marcel"]
[Result "1/2-1/2"]
[WhiteElo "1770"]
[BlackElo "1870"]
[PlyCount "112"]
[EventDate "2016.12.27"]
[EventType "team-swiss"]
[EventRounds "7"]
[EventCountry "GER"]
[SourceTitle "EXT 2018"]
[Source "ChessBase"]
[SourceDate "2017.10.13"]
[SourceVersion "1"]
[SourceVersionDate "2017.10.13"]
[SourceQuality "1"]
[WhiteTeam "Berlin Mattnetz"]
[BlackTeam "Heilbronn"]
[WhiteTeamCountry "GER"]
[BlackTeamCountry "GER"]

1. e4 e5 2. Nf3 Nc6 3. Bb5 a6 4. Ba4 Nf6 5. 0-0 Be7 6. Re1 b5 7. Bb3 0-0 8. h3 d6 9. c3 Nb8 10. d4 Nbd7 11. Nbd2 Bb7 12. Bc2 Re8 13. Nf1 Bf8 14. Ng3 g6 15. dxe5 dxe5 16. Be3 h6 17. Qe2 c5 18. a4 Bc6 19. Red1 Qc7 20. axb5 axb5 21. Nh2 Kh7 22. Ng4 Nxg4 23. Qxg4 c4 24. Nf1 Nc5 25. Nd2 Bd7 26. Qf3 Be6 27. Bxc5 Bxc5 28. b3 Rxa1 29. Rxa1 Rd8 30. Qe2 Qd6 31. Rd1 Qa6 32. b4 Bb6 33. Nf3 Rxd1+ 34. Qxd1 Bc7 35. Kh2 f6 36. g3 Qa3 37. Qd2 g5 38. Qe3 Qa6 39. Qc5 Bd6 40. Qe3 Kg7 41. Kg2 Kf7 42. g4 Bc7 43. Qd2 Ke7 44. Nh2 Qa8 45. f3 Bb6 46. Nf1 Qa1 47. Ne3 Kf7 48. Nf1 Qa7 49. Bd1 Bg1 50. Bc2 Kg6 51. Bd1 h5 52. gxh5+ Kxh5 53. f4+ Kh6 54. fxg5+ fxg5 55. h4 Kh7 56. hxg5 Kg6 1/2-1/2

[Event "GER-chT U20"]
[Site "Borken"]
[Date "2016.12.27"]
[Round "1.3"]
[White "Klodt, Daniel"]
[Black "Elier, Ali"]
[Result "0-1"]
[WhiteElo "1770"]
[BlackElo "1900"]
[PlyCount "78"]
[EventDate "2016.12.27"]
[EventType "team-swiss"]
[EventRounds "7"]
[EventCountry "GER"]
[SourceTitle "EXT 2018"]
[Source "ChessBase"]
[SourceDate "2017.10.13"]
[SourceVersion "1"]
[SourceVersionDate "2017.10.13"]
[SourceQuality "1"]
[WhiteTeam "Berlin Mattnetz"]
[BlackTeam "Brackel"]
[WhiteTeamCountry "GER"]
[BlackTeamCountry "GER"]

1. e4 e5 2. Nf3 Nc6 3. Bb5 Nge7 4. 0-0 g6 5. Re1 Bg7 6. c3 0-0 7. d4 d6 8. dxe5 dxe5 9. Bg5 Qxd1 10. Rxd1 h6 11. Be3 a6 12. Ba4 Bg4 13. Nbd2 Rfd8 14. h3 Be6 15. Bb3 Bxb3 16. Nxb3 b6 17. a4 a5 18. Nbd2 Rd7 19. Nc4 Rad8 20. Rxd7 Rxd7 21. Na3 f5 22. Nb5 fxe4 23. Nd2 Nd5 24. Nxe4 Nxe3 25. fxe3 Kf7 26. Kf2 Ne7 27. Ke2 Ke6 28. b4 c6 29. Na3 axb4 30. cxb4 Nd5 31. Nc4 Ra7 32. a5 b5 33. Ncd2 Nxb4 34. Nc5+ Kf7 35. Nde4 Bf8 36. Rf1+ Kg8 37. Ne6 Be7 38. Nf6+ Kf7 39. Nd5+ Kxe6 0-1

[Event "GER-chT U20"]
[Site "Borken"]
[Date "2016.12.27"]
[Round "2.4"]
[White "Klodt, Daniel"]
[Black "Pham, Phuong Bao"]
[Result "1-0"]
[WhiteElo "1770"]
[BlackElo "1805"]
[PlyCount "97"]
[EventDate "2016.12.27"]
[EventType "team-swiss"]
[EventRounds "7"]
[EventCountry "GER"]
[SourceTitle "EXT 2018"]
[Source "ChessBase"]
[SourceDate "2017.10.13"]
[SourceVersion "1"]
[SourceVersionDate "2017.10.13"]
[SourceQuality "1"]
[WhiteTeam "Berlin Mattnetz"]
[BlackTeam "Frankfurt"]
[WhiteTeamCountry "GER"]
[BlackTeamCountry "GER"]

1. e4 c5 2. Nf3 Nc6 3. d4 cxd4 4. Nxd4 g6 5. Be3 Bg7 6. Nc3 Nf6 7. f3 0-0 8. Qd2 d5 9. exd5 Nxd5 10. Nxd5 Qxd5 11. c3 e5 12. Nb5 Qxd2+ 13. Bxd2 Rd8 14. Nc7 Rb8 15. Bg5 f6 16. Be3 a6 17. Bb6 Rd7 18. Bc4+ Kh8 19. 0-0 Re7 20. Rfd1 Bf5 21. g4 Bd7 22. Bc5 Rc8 23. Bxe7 Rxc7 24. Bd5 Nxe7 25. Bb3 Nc6 26. Rd6 Be8 27. Rad1 h6 28. Re6 Bf7 29. Red6 Bxb3 30. axb3 Rf7 31. Rd7 Ne7 32. Rxb7 f5 33. Rd6 fxg4 34. fxg4 Kg8 35. Rxa6 Nd5 36. Rxf7 Kxf7 37. b4 Bf8 38. Kf2 e4 39. Rc6 g5 40. b5 Ke7 41. b6 Nxb6 42. Rxb6 Kd7 43. Ra6 Bc5+ 44. Ke2 Bd6 45. Rxd6+ Kxd6 46. Ke3 Ke5 47. b4 Kd5 48. b5 Kc5 49. c4 1-0

[Event "GER-chT U16"]
[Site "Lingen"]
[Date "2013.12.29"]
[Round "5.2"]
[White "Koch, Christian1111"]
[Black "Klodt, Daniel"]
[Result "1/2-1/2"]
[WhiteElo "1818"]
[BlackElo "1752"]
[PlyCount "72"]
[EventDate "2013.12.27"]
[EventType "team-swiss"]
[EventRounds "7"]
[EventCountry "GER"]
[SourceTitle "EXT 2015"]
[Source "ChessBase"]
[SourceDate "2014.11.20"]
[SourceVersion "1"]
[SourceVersionDate "2014.11.20"]
[SourceQuality "1"]
[WhiteTeam "Hoechstadt/Aisch"]
[BlackTeam "Treptow"]
[WhiteTeamCountry "GER"]
[BlackTeamCountry "GER"]

1. e4 e6 2. Nc3 d5 3. g3 Nf6 4. Bg2 dxe4 5. Nxe4 Nxe4 6. Bxe4 Nd7 7. d4 Nf6 8. Bg2 c6 9. Nf3 Bd6 10. 0-0 0-0 11. Ne5 Qc7 12. Nc4 e5 13. dxe5 Bxe5 14. Nxe5 Qxe5 15. Re1 Qa5 16. Bd2 Qb6 17. b3 Bg4 18. Qc1 Nd5 19. c4 Nf6 20. Bc3 Bh5 21. Qg5 Bg6 22. Bxf6 gxf6 23. Qxf6 Qd8 24. Qf4 Rb8 25. h4 Qd7 26. g4 f5 27. Rad1 Qf7 28. g5 Rbe8 29. c5 Qg7 30. Bf3 Qc3 31. Rxe8 Bxe8 32. b4 a5 33. h5 axb4 34. Rc1 Qg7 35. h6 Qe7 36. Kh1 Bg6 1/2-1/2

[Event "GER-chT U16"]
[Site "Lingen"]
[Date "2013.12.28"]
[Round "3.2"]
[White "Roesl, Martin"]
[Black "Klodt, Daniel"]
[Result "1/2-1/2"]
[WhiteElo "1536"]
[BlackElo "1752"]
[PlyCount "63"]
[EventDate "2013.12.27"]
[EventType "team-swiss"]
[EventRounds "7"]
[EventCountry "GER"]
[SourceTitle "EXT 2015"]
[Source "ChessBase"]
[SourceDate "2014.11.20"]
[SourceVersion "1"]
[SourceVersionDate "2014.11.20"]
[SourceQuality "1"]
[WhiteTeam "Regensburg"]
[BlackTeam "Treptow"]
[WhiteTeamCountry "GER"]
[BlackTeamCountry "GER"]

1. e4 e6 2. d4 d5 3. e5 c5 4. c3 Nc6 5. Nf3 Qb6 6. a3 c4 7. Nbd2 Na5 8. g3 Bd7 9. Bh3 Ne7 10. 0-0 Ng6 11. Re1 Be7 12. Kh1 h5 13. Rg1 0-0-0 14. Qf1 Rdg8 15. Bg2 h4 16. Nxh4 Bxh4 17. gxh4 Nxh4 18. Nf3 Nb3 19. Rb1 Nxc1 20. Qxc1 Ba4 21. Nxh4 Rxh4 22. Bf3 Rgh8 23. Rg2 R8h7 24. Bd1 Bb3 25. Bxb3 Qxb3 26. Qd1 Qxd1+ 27. Rxd1 a5 28. Re1 a4 29. Re3 Kd7 30. Reg3 g6 31. Rg4 Rh3 32. R4g3 1/2-1/2

[Event "GER-ch U12"]
[Site "Oberhof"]
[Date "2011.06.18"]
[Round "11"]
[White "Niedwetzki, Jan Daniel"]
[Black "Klodt, Daniel"]
[Result "1-0"]
[WhiteElo "1120"]
[BlackElo "1390"]
[PlyCount "43"]
[EventDate "2011.06.11"]
[EventType "swiss"]
[EventRounds "11"]
[EventCountry "GER"]
[SourceTitle "CBM 142 Extra"]
[Source "ChessBase"]
[SourceDate "2011.06.27"]
[SourceVersion "1"]
[SourceVersionDate "2011.06.27"]
[SourceQuality "1"]

1. e4 e6 2. d4 d5 3. Nc3 Bb4 4. e5 c5 5. a3 Bxc3+ 6. bxc3 Nc6 7. Nf3 Qa5 8. Bd2 c4 9. g3 Nge7 10. Bh3 Bd7 11. 0-0 f6 12. Qe2 0-0-0 13. exf6 gxf6 14. Bxe6 f5 15. Bxd7+ Rxd7 16. Ne5 Nxe5 17. Qxe5 Rg8 18. Rfb1 h5 19. Qe6 h4 20. Rxb7 Kxb7 21. Qxd7+ Qc7 22. Rb1+ 1-0

[Event "GER-ch U12"]
[Site "Oberhof"]
[Date "2011.06.17"]
[Round "10"]
[White "Klodt, Daniel"]
[Black "Bruns, Kai Christian"]
[Result "0-1"]
[WhiteElo "1390"]
[BlackElo "1645"]
[PlyCount "62"]
[EventDate "2011.06.11"]
[EventType "swiss"]
[EventRounds "11"]
[EventCountry "GER"]
[SourceTitle "CBM 142 Extra"]
[Source "ChessBase"]
[SourceDate "2011.06.27"]
[SourceVersion "1"]
[SourceVersionDate "2011.06.27"]
[SourceQuality "1"]

1. e4 c5 2. Nf3 Nc6 3. d4 cxd4 4. Nxd4 g6 5. Nc3 Bg7 6. Be3 Nf6 7. Bc4 0-0 8. Bb3 d6 9. f3 Bd7 10. Qd2 Nxd4 11. Bxd4 b5 12. g4 a5 13. h4 a4 14. Bd5 b4 15. Bxa8 bxc3 16. Qxc3 Qxa8 17. h5 Rc8 18. Qd3 a3 19. b3 Qa5+ 20. c3 e5 21. h6 Bh8 22. Bxe5 dxe5 23. g5 Bb5 24. Qd2 Rd8 25. b4 Rxd2 26. bxa5 Re2+ 27. Kd1 Nh5 28. Rb1 Rb2 29. Rxb2 axb2 30. Kc2 f6 31. Rd1 Ba4+ 0-1

[Event "GER-ch U12"]
[Site "Oberhof"]
[Date "2011.06.14"]
[Round "5"]
[White "Kaplun, David"]
[Black "Klodt, Daniel"]
[Result "1-0"]
[WhiteElo "1758"]
[BlackElo "1390"]
[PlyCount "131"]
[EventDate "2011.06.11"]
[EventType "swiss"]
[EventRounds "11"]
[EventCountry "GER"]
[SourceTitle "CBM 142 Extra"]
[Source "ChessBase"]
[SourceDate "2011.06.27"]
[SourceVersion "1"]
[SourceVersionDate "2011.06.27"]
[SourceQuality "1"]

1. d4 d5 2. c4 e6 3. Nc3 Nf6 4. cxd5 exd5 5. Bg5 Nbd7 6. e3 c6 7. Bd3 Be7 8. Nge2 0-0 9. 0-0 Re8 10. Qc2 Nf8 11. Rad1 Bd7 12. f3 Rc8 13. Qd2 Qc7 14. Kh1 Be6 15. e4 Rcd8 16. e5 N6d7 17. Be3 b6 18. f4 Bg4 19. h3 Bxe2 20. Qxe2 f6 21. g4 fxe5 22. fxe5 Ng6 23. Qc2 Ndf8 24. g5 Qd7 25. Bf5 Qc7 26. Rf2 Nh4 27. Bg4 Nfg6 28. Rdf1 Qb7 29. Ne2 c5 30. Kg1 cxd4 31. Nxd4 Nxe5 32. Nf5 Nxg4 33. hxg4 Ng6 34. Qc3 Bf8 35. Bd4 Re4 36. Qh3 Bc5 37. Bxc5 bxc5 38. Rh2 Nf8 39. g6 Qb6 40. gxh7+ Kh8 41. Nxg7 Qg6 42. Nh5 Rxg4+ 43. Kh1 Qe4+ 44. Qf3 Qxf3+ 45. Rxf3 Re8 46. Rf1 Rge4 47. Nf6 Re1 48. Kg1 R8e5 49. Rxe1 Rxe1+ 50. Kf2 Re5 51. Kg3 Rg5+ 52. Kf4 Ne6+ 53. Ke3 Rf5 54. Rh6 Nd4 55. Rg6 Rxf6 56. Rxf6 Kxh7 57. Rf7+ Kg6 58. Rxa7 Kf6 59. a4 Nb3 60. a5 d4+ 61. Kd3 Ke6 62. a6 Kd5 63. Rc7 Na5 64. a7 c4+ 65. Rxc4 Nxc4 66. a8Q+ 1-0